[Event "NED-ch KO"]
[Site "Hoogeveen"]
[Date "2021.10.16"]
[Round "1.2"]
[White "Zwirs, Nico"]
[Black "Hoogendoorn, Joost"]
[Result "1-0"]
[WhiteElo "2439"]
[BlackElo "2412"]
[PlyCount "147"]
[EventDate "2021.10.15"]
[EventType "k.o."]
[EventRounds "3"]
[EventCountry "NED"]
[SourceTitle "EXT 2023"]
[Source "ChessBase"]
[SourceDate "2022.10.05"]
[SourceVersion "1"]
[SourceVersionDate "2022.10.05"]
[SourceQuality "1"]

1. e4 d5 2. exd5 Qxd5 3. Nc3 Qa5 4. d4 c6 5. Nf3 Bf5 6. Ne5 Nd7 7. Nc4 Qc7 8. Qf3 e6 9. Bf4 Qd8 10. 0-0-0 Ngf6 11. h3 Nb6 12. g4 Bg6 13. Ne5 Nbd5 14. Nxd5 Nxd5 15. Bd2 Be7 16. h4 Bxh4 17. Qb3 Bxf2 18. Bd3 Qb6 19. Bxg6 fxg6 20. Qf3 Rf8 21. Qxf8+ Kxf8 22. Nd7+ Kg8 23. Nxb6 axb6 24. c3 Rxa2 25. Rh3 c5 26. Kb1 Ra8 27. Rf3 Bh4 28. g5 h6 29. gxh6 Bf6 30. dxc5 bxc5 31. hxg7 Bxg7 32. Rg1 Ne7 33. Rd3 b5 34. Rd7 Re8 35. Be3 c4 36. Bc5 Bf6 37. Bxe7 Rxe7 38. Rxe7 Bxe7 39. Rxg6+ Kf7 40. Rh6 Bf6 41. Rh7+ Bg7 42. Kc2 Kg6 43. Rh1 Be5 44. Ra1 Kf5 45. Ra5 Ke4 46. Rxb5 Bd6 47. Kd1 Bf8 48. Ke2 Be7 49. Rb7 Bd6 50. Rb6 Kd5 51. b4 cxb3 52. Kd3 Kc5 53. Rxb3 Bg3 54. Ra3 Bc7 55. Ra7 Bb6 56. Ra8 Kd5 57. Rb8 Bc7 58. Rb5+ Kc6 59. Rh5 Bb6 60. Kc4 Bf2 61. Rh6 Kd6 62. Kb5 Be3 63. Rh3 Bf2 64. c4 e5 65. Rh6+ Kc7 66. Re6 Bg3 67. Kc5 Bf4 68. Kd5 Bg3 69. Re7+ Kc8 70. Kd6 Bf4 71. Re8+ Kb7 72. c5 e4+ 73. Kd7 e3 74. Re4 1-0

[Event "NED-chT 0506"]
[Site "Netherlands"]
[Date "2006.02.04"]
[Round "6.8"]
[White "Hoogendoorn, Joost"]
[Black "Ondersteijn, Niels"]
[Result "1-0"]
[WhiteElo "2395"]
[BlackElo "2289"]
[PlyCount "65"]
[EventDate "2005.09.24"]
[EventType "team"]
[EventRounds "9"]
[EventCountry "NED"]
[SourceTitle "EXT 2007"]
[Source "ChessBase"]
[SourceDate "2006.11.23"]
[SourceVersion "1"]
[SourceVersionDate "2006.11.23"]
[SourceQuality "1"]
[WhiteTeam "Breda Worx"]
[BlackTeam "Calder HMC"]
[WhiteTeamCountry "NED"]
[BlackTeamCountry "NED"]

1. e4 c5 2. Nf3 g6 3. d4 cxd4 4. Nxd4 Nc6 5. Nc3 Bg7 6. Nb3 Nf6 7. Be2 0-0 8. 0-0 a5 9. Bb5 d6 10. Re1 Be6 11. Bg5 h6 12. Bh4 Qb6 13. a4 g5 14. Bg3 Bg4 15. Be2 Bxe2 16. Qxe2 Rfe8 17. Rad1 Rac8 18. h4 Nb4 19. hxg5 hxg5 20. Nd4 Nc6 21. Nf5 Qxb2 22. Qd2 Nh7 23. Nxg7 Kxg7 24. Rb1 Qa3 25. Rxb7 Nb4 26. Nb5 Qb2 27. Nd4 Qc3 28. Nf5+ Kf8 29. Qe2 Nxc2 30. Rd1 Qf6 31. Rxe7 Kg8 32. Rxe8+ Rxe8 33. Qxc2 1-0

[Event "NED-chT 0506"]
[Site "Netherlands"]
[Date "2005.12.17"]
[Round "5.5"]
[White "Hoogendoorn, Joost"]
[Black "Richter, Christian"]
[Result "1/2-1/2"]
[WhiteElo "2395"]
[BlackElo "2435"]
[PlyCount "36"]
[EventDate "2005.09.24"]
[EventType "team"]
[EventRounds "9"]
[EventCountry "NED"]
[SourceTitle "EXT 2007"]
[Source "ChessBase"]
[SourceDate "2006.11.23"]
[SourceVersion "1"]
[SourceVersionDate "2006.11.23"]
[SourceQuality "1"]
[WhiteTeam "Breda Worx"]
[BlackTeam "Enschede ESGOO"]
[WhiteTeamCountry "NED"]
[BlackTeamCountry "NED"]

1. e4 e5 2. Nf3 Nc6 3. d4 exd4 4. c3 d5 5. exd5 Qxd5 6. cxd4 Bg4 7. Be2 Bb4+ 8. Nc3 Bxf3 9. Bxf3 Qc4 10. Qb3 Qxb3 11. axb3 Nge7 12. 0-0 Bd6 13. Ra4 a6 14. b4 Kd7 15. b5 axb5 16. Rxa8 Rxa8 17. Nxb5 Ra4 18. Bd2 Bb4 1/2-1/2

[Event "Gausdal Classics IM"]
[Site "Gausdal"]
[Date "2003.04.10"]
[Round "10"]
[White "Leer Salvesen, Bjarte"]
[Black "Hoogendoorn, Joost"]
[Result "1/2-1/2"]
[WhiteElo "2331"]
[BlackElo "2429"]
[PlyCount "74"]
[EventDate "2003.04.03"]
[EventType "tourn"]
[EventRounds "11"]
[EventCountry "NOR"]
[EventCategory "2"]
[SourceTitle "CBM 093 Extra"]
[Source "ChessBase"]
[SourceDate "2003.05.09"]
[SourceVersion "1"]
[SourceVersionDate "2003.05.09"]
[SourceQuality "1"]

1. c4 e5 2. g3 Nf6 3. Bg2 d5 4. cxd5 Nxd5 5. Nf3 Nc6 6. 0-0 Nb6 7. Nc3 Be7 8. d3 0-0 9. Be3 Re8 10. Rc1 Bf8 11. Na4 Nd4 12. Nc5 Bxc5 13. Rxc5 Qd6 14. b4 c6 15. Nxd4 exd4 16. Bf4 Qf6 17. e4 dxe3 18. fxe3 Nd5 19. Rxd5 cxd5 20. Bxd5 Bh3 21. Rf2 Rad8 22. Bc4 Re7 23. Bc7 Qxf2+ 24. Kxf2 Rxc7 25. Qh5 Bc8 26. Qe5 Rc6 27. Qa5 Rb6 28. a3 Bh3 29. Qxa7 Rf6+ 30. Ke1 b6 31. e4 h5 32. Kd2 Bg4 33. Kc3 Bd1 34. e5 Rf2 35. b5 Rc2+ 36. Kb4 Rb2+ 37. Kc3 Rc2+ 1/2-1/2

[Event "Gausdal Classics IM"]
[Site "Gausdal"]
[Date "2003.04.03"]
[Round "1"]
[White "Miezis, Normunds"]
[Black "Hoogendoorn, Joost"]
[Result "1-0"]
[WhiteElo "2516"]
[BlackElo "2429"]
[PlyCount "75"]
[EventDate "2003.04.03"]
[EventType "tourn"]
[EventRounds "11"]
[EventCountry "NOR"]
[EventCategory "2"]
[SourceTitle "CBM 093 Extra"]
[Source "ChessBase"]
[SourceDate "2003.05.09"]
[SourceVersion "1"]
[SourceVersionDate "2003.05.09"]
[SourceQuality "1"]

1. c4 c6 2. e4 e5 3. Nc3 Bc5 4. g3 Nf6 5. Bg2 0-0 6. Nge2 d5 7. exd5 cxd5 8. cxd5 Bg4 9. h3 Bxe2 10. Qxe2 Na6 11. d3 Bd4 12. 0-0 Rc8 13. Bd2 Nc7 14. Rac1 Qd7 15. Qf3 Rfe8 16. Rfe1 b5 17. a3 a5 18. Bg5 b4 19. axb4 axb4 20. Ne4 Nfxd5 21. Re2 Nb5 22. Rc4 h6 23. Be3 Red8 24. Kh2 f5 25. Nc5 Rxc5 26. Rxc5 Nxe3 27. Rxb5 Qxb5 28. fxe3 e4 29. dxe4 fxe4 30. Qg4 Bf6 31. Rf2 Qg5 32. Qe6+ Kh8 33. Rf5 Qg6 34. Bxe4 Rd2+ 35. Kh1 Rd1+ 36. Kg2 Rd2+ 37. Kf3 Rd8 38. Re5 1-0

[Event "NED-ch57 sf"]
[Site "Leeuwarden"]
[Date "2001.12.09"]
[Round "2.5"]
[White "Werle, Jan"]
[Black "Hoogendoorn, Joost"]
[Result "0-1"]
[WhiteElo "2459"]
[BlackElo "2388"]
[PlyCount "208"]
[EventDate "2001.11.17"]
[EventType "k.o."]
[EventRounds "3"]
[EventCountry "NED"]
[SourceTitle "CBM 085 Extra"]
[Source "ChessBase"]
[SourceDate "2002.01.21"]
[SourceVersion "1"]
[SourceVersionDate "2002.01.21"]
[SourceQuality "1"]

1. e4 d5 2. exd5 Nf6 3. Bb5+ Nbd7 4. c4 a6 5. Ba4 b5 6. cxb5 Nb6 7. Bb3 axb5 8. Nf3 Nfxd5 9. d4 e6 10. 0-0 Be7 11. Nc3 0-0 12. Ne4 Nf6 13. Ng3 Bb7 14. Be3 Nbd5 15. Bd2 c5 16. dxc5 Bxc5 17. Rc1 Qb6 18. Qe2 Ba6 19. Ne5 Bd4 20. Bg5 Qd6 21. Nf3 b4 22. Bc4 Bxc4 23. Qxc4 Bxb2 24. Rcd1 Qa6 25. Qh4 Rac8 26. Rd2 Bc3 27. Re2 Rc4 28. Qh3 Nf4 29. Bxf4 Rxf4 30. Rd1 Rg4 31. Rc2 Qa4 32. Rdc1 Rd8 33. Nf1 Rg6 34. Ne3 Ne4 35. Qh4 Qa8 36. a3 Bf6 37. Qf4 bxa3 38. Nc4 a2 39. Rxa2 Qxa2 40. Qxe4 Qb3 41. Ne3 h5 42. h3 Be7 43. Ne5 Rg5 44. Nc6 Qa3 45. Rb1 Rf8 46. Rb7 Bd6 47. Rb1 Rc5 48. Nd4 Rc1+ 49. Rxc1 Qxc1+ 50. Nf1 Rb8 51. Nf3 Qf4 52. Qd3 Rd8 53. Qe2 e5 54. g3 Qf5 55. h4 Bc5 56. Ng5 Re8 57. Nd2 Qg4 58. Qd3 Qd1+ 59. Kg2 e4 60. Qc4 Rf8 61. Ndxe4 Be7 62. Qb5 Qd8 63. Qf5 g6 64. Qe5 Re8 65. Qf4 Bxg5 66. Nxg5 Qd7 67. Qf6 Qb7+ 68. Nf3 Qe7 69. Qf4 Qe4 70. Qf6 Ra8 71. Qc3 Rd8 72. Kh2 Qe2 73. Kg2 Qe4 74. Kh2 Qd3 75. Qf6 Rd6 76. Qf4 Qa6 77. Qe4 Qc6 78. Qxc6 Rxc6 79. Kg2 Kg7 80. Ng5 Rc3 81. Ne4 Ra3 82. Ng5 f6 83. Ne4 Kf7 84. Nd2 Ke6 85. Nc4 Rc3 86. Ne3 Ke5 87. Kf3 Rb3 88. Kg2 Ke4 89. Nc4 Rd3 90. Nb6 Rd4 91. Nc8 g5 92. hxg5 fxg5 93. Ne7 Rd6 94. Nc8 Re6 95. Na7 Kd5 96. Nb5 Kc4 97. Na3+ Kb3 98. Nb5 Kc4 99. Na3+ Kd3 100. Nb5 Rc6 101. Na7 Rc5 102. Kh3 Kd4 103. f4 gxf4 104. gxf4 Ke4 0-1

[Event "Soest op"]
[Site "Soest"]
[Date "2001.05.27"]
[Round "6.5"]
[White "Jens, Jelmer"]
[Black "Hoogendoorn, Joost"]
[Result "0-1"]
[WhiteElo "2257"]
[BlackElo "2391"]
[PlyCount "46"]
[EventDate "2001.05.25"]
[EventType "swiss"]
[EventRounds "7"]
[EventCountry "NED"]
[SourceTitle "EXT 2002"]
[Source "ChessBase"]
[SourceDate "2001.11.25"]
[SourceVersion "1"]
[SourceVersionDate "2001.11.25"]
[SourceQuality "1"]

1. e4 d5 2. exd5 Nf6 3. c4 c6 4. d4 cxd5 5. Nc3 e6 6. Nf3 Bb4 7. Bd3 dxc4 8. Bxc4 0-0 9. 0-0 b6 10. Bg5 Bb7 11. Re1 Nc6 12. Bd3 Rc8 13. a3 Be7 14. Bc2 Nd5 15. Qd3 g6 16. Bh6 Re8 17. Nxd5 Qxd5 18. Bb3 Qh5 19. Qe3 Na5 20. Bd1 g5 21. Bxg5 Bxf3 22. Bxe7 Bxd1 23. Bf6 Bc2 0-1

[Event "Soest op"]
[Site "Soest"]
[Date "2001.05.26"]
[Round "3.6"]
[White "Hoogendoorn, Joost"]
[Black "Harmsen, Klaas Jaap"]
[Result "1-0"]
[WhiteElo "2391"]
[BlackElo "2000"]
[PlyCount "53"]
[EventDate "2001.05.25"]
[EventType "swiss"]
[EventRounds "7"]
[EventCountry "NED"]
[SourceTitle "EXT 2002"]
[Source "ChessBase"]
[SourceDate "2001.11.25"]
[SourceVersion "1"]
[SourceVersionDate "2001.11.25"]
[SourceQuality "1"]

1. e4 d6 2. d4 g6 3. g3 Bg7 4. Bg2 Nf6 5. Nc3 0-0 6. h3 c5 7. dxc5 dxc5 8. Qxd8 Rxd8 9. Be3 Na6 10. Nge2 e5 11. g4 Be6 12. g5 Nd7 13. 0-0-0 Nb6 14. b3 c4 15. Kb2 Bf8 16. Nd5 Bxd5 17. exd5 Nc5 18. Nc3 Rac8 19. h4 a6 20. h5 Rc7 21. Rh4 cxb3 22. axb3 Nc8 23. hxg6 fxg6 24. Rdh1 b5 25. Bxc5 Bxc5 26. Ne4 Bd4+ 27. c3 1-0

[Event "NED-chT 0001"]
[Site "Netherlands"]
[Date "2001.03.24"]
[Round "7.2"]
[White "Hoogendoorn, Joost"]
[Black "Bosch, Jeroen"]
[Result "0-1"]
[WhiteElo "2391"]
[BlackElo "2436"]
[PlyCount "64"]
[EventDate "2000.11.18"]
[EventType "team-tourn"]
[EventRounds "9"]
[EventCountry "NED"]
[SourceTitle "EXT 2002"]
[Source "ChessBase"]
[SourceDate "2001.11.25"]
[SourceVersion "1"]
[SourceVersionDate "2001.11.25"]
[SourceQuality "1"]
[WhiteTeam "Ordina Breda II"]
[BlackTeam "Magnus/BSG Bussum"]
[WhiteTeamCountry "NED"]
[BlackTeamCountry "NED"]

1. e4 c5 2. Nf3 d6 3. d4 cxd4 4. Nxd4 Nf6 5. Nc3 a6 6. Bc4 e6 7. Bb3 b5 8. f4 Bb7 9. 0-0 Nbd7 10. Re1 Nc5 11. Bd5 exd5 12. exd5+ Kd7 13. b4 Kc8 14. bxc5 dxc5 15. Nf5 Qd7 16. Ne3 Bd6 17. Qf3 Re8 18. Bb2 Kc7 19. Ne2 Ne4 20. Rad1 Re7 21. g4 g6 22. g5 Rae8 23. Ng4 Qf5 24. Kg2 Nxg5 25. fxg5 Qxc2 26. Be5 Bxe5 27. Nxe5 Rxe5 28. Kg1 Rxe2 29. Qxf7+ Kb6 30. Kf1 Rxe1+ 31. Rxe1 Qd3+ 32. Kg2 Qd2+ 0-1

[Event "Dieren op"]
[Site "Dieren"]
[Date "2000.07.26"]
[Round "8"]
[White "Hoogendoorn, Joost"]
[Black "Van der Poel, Henk"]
[Result "0-1"]
[WhiteElo "2358"]
[BlackElo "2289"]
[PlyCount "88"]
[EventDate "2000.07.18"]
[EventType "swiss"]
[EventRounds "9"]
[EventCountry "NED"]
[SourceTitle "CBM 077 Extra"]
[Source "ChessBase"]
[SourceDate "2000.09.14"]
[SourceVersion "1"]
[SourceVersionDate "2000.09.14"]
[SourceQuality "1"]

1. g3 e5 2. Bg2 Nc6 3. e4 g6 4. Ne2 Bg7 5. 0-0 Nge7 6. Nbc3 0-0 7. d3 d6 8. Nd5 Nxd5 9. exd5 Ne7 10. c4 Nf5 11. Nc3 Bd7 12. Bd2 h6 13. b4 Kh7 14. a4 Nd4 15. c5 a5 16. bxa5 Rxa5 17. Ne4 Ra6 18. cxd6 cxd6 19. Bb4 Qb8 20. a5 Rc8 21. Rb1 f5 22. Nxd6 Rxd6 23. Bxd6 Qxd6 24. Rxb7 Bb5 25. Rb6 Qa3 26. Qa1 Qc5 27. Qb1 Ra8 28. Qa2 Bxd3 29. Ra1 e4 30. Rb7 Kh8 31. Kh1 Nc2 32. Rc1 Rxa5 33. Qb3 Qxd5 34. Qb6 Rb5 35. Rb8+ Kh7 36. Qc7 Rxb8 37. Qxb8 Qd4 38. Qf4 h5 39. Rb1 Nb4 40. Rc1 Nd5 41. Qd6 Qb2 42. Rg1 Nc3 43. f3 Ne2 44. Re1 Qd2 0-1

[Event "Dieren op"]
[Site "Dieren"]
[Date "2000.07.22"]
[Round "5"]
[White "Hoogendoorn, Joost"]
[Black "Van den Bersselaar, Jeroen"]
[Result "1-0"]
[WhiteElo "2358"]
[BlackElo "2065"]
[PlyCount "53"]
[EventDate "2000.07.18"]
[EventType "swiss"]
[EventRounds "9"]
[EventCountry "NED"]
[SourceTitle "CBM 077 Extra"]
[Source "ChessBase"]
[SourceDate "2000.09.14"]
[SourceVersion "1"]
[SourceVersionDate "2000.09.14"]
[SourceQuality "1"]

1. e4 e5 2. Nf3 Nf6 3. Nxe5 d6 4. Nxf7 Kxf7 5. Nc3 Qe8 6. d4 d5 7. e5 Bb4 8. Bd3 Ne4 9. 0-0 Nxc3 10. bxc3 Bxc3 11. Qh5+ g6 12. Qf3+ Kg8 13. Qxd5+ Be6 14. Qxb7 Qc6 15. Rb1 Qxb7 16. Rxb7 Bxd4 17. Rxc7 Nd7 18. Bh6 Rd8 19. Re1 Bb6 20. Rb7 Kf7 21. Bb5 Rhe8 22. Bg5 Kg8 23. Bxd8 Rxd8 24. Rd1 Nxe5 25. Rxd8+ Bxd8 26. Rb8 Nf7 27. Be8 1-0

[Event "Ruhrgebiet VL2 9900"]
[Site "Ruhrgebiet"]
[Date "2000.01.16"]
[Round "5"]
[White "Hoogendoorn, Joost"]
[Black "Trzaska, Peter"]
[Result "1-0"]
[WhiteElo "2275"]
[BlackElo "2206"]
[PlyCount "59"]
[EventDate "1999.09.19"]
[EventType "team-tourn"]
[EventRounds "9"]
[EventCountry "GER"]
[SourceTitle "EXT 2001"]
[Source "ChessBase"]
[SourceDate "2000.11.22"]
[SourceVersion "1"]
[SourceVersionDate "2000.11.22"]
[SourceQuality "1"]

1. e4 c6 2. d4 d5 3. e5 Bf5 4. Nf3 e6 5. Be2 Ne7 6. 0-0 Bg6 7. a3 Nd7 8. Nbd2 Nf5 9. b4 a5 10. bxa5 Rxa5 11. Nb3 Ra4 12. Bg5 Be7 13. Bxe7 Qxe7 14. c4 dxc4 15. Nbd2 b5 16. Nxc4 Rxc4 17. Bxc4 bxc4 18. Qa4 0-0 19. Qxc6 Qd8 20. Rfc1 Nb6 21. a4 Nxd4 22. Nxd4 Qxd4 23. a5 Nd5 24. a6 Nb4 25. Qd6 Qb2 26. a7 Be4 27. a8Q Bxa8 28. Rcb1 Qe2 29. Rxb4 h5 30. Qxf8+ 1-0

[Event "BEL-chT 9900"]
[Site "Antwerp"]
[Date "2000.01.09"]
[Round "7"]
[White "Hoogendoorn, Joost"]
[Black "Tolk, Pieter"]
[Result "1-0"]
[WhiteElo "2296"]
[BlackElo "2269"]
[PlyCount "119"]
[EventDate "1999.10.08"]
[EventType "team"]
[EventRounds "11"]
[EventCountry "BEL"]
[SourceTitle "CBM 075 Extra"]
[Source "ChessBase"]
[SourceDate "2000.05.11"]
[SourceVersion "2"]
[SourceVersionDate "2000.05.11"]
[SourceQuality "1"]

1. e4 e6 2. a3 d5 3. e5 Ne7 4. d4 h5 5. Nf3 Nf5 6. Bd3 Be7 7. Nbd2 a5 8. c4 c6 9. b3 b6 10. Bb2 Ba6 11. Nf1 a4 12. Ne3 Nxe3 13. fxe3 axb3 14. Qxb3 Bxc4 15. Bxc4 dxc4 16. Qxc4 b5 17. Qd3 Nd7 18. 0-0 Nb6 19. Nd2 0-0 20. Rad1 Qd5 21. Rf2 Nc4 22. Nxc4 bxc4 23. Qe2 c3 24. Bxc3 Rxa3 25. Bb2 Ra2 26. Qxh5 Qb3 27. Bc1 Rxf2 28. Kxf2 Ra8 29. Rf1 g6 30. Qf3 Qd5 31. Kg3 Qxf3+ 32. gxf3 Ra1 33. Kg2 c5 34. Bb2 Ra2 35. Rf2 c4 36. Bc3 Ra3 37. Rc2 Ra4 38. e4 f6 39. f4 Kf7 40. d5 f5 41. exf5 gxf5 42. d6 Bd8 43. Be1 Bb6 44. Rb2 Bc5 45. Rb7+ Kg6 46. Rc7 Ra2+ 47. Kf1 Bb6 48. Rxc4 Rxh2 49. Rc6 Rb2 50. d7 Bd8 51. Rc8 Be7 52. d8Q Bxd8 53. Rxd8 Kh5 54. Rg8 Ra2 55. Bf2 Ra4 56. Be3 Ra2 57. Rg2 Ra3 58. Kf2 Rb3 59. Kf3 Ra3 60. Rg8 1-0

[Event "NED-ch55 sf"]
[Site "Rotterdam"]
[Date "1999.12.04"]
[Round "1.1"]
[White "Bosch, Jeroen"]
[Black "Hoogendoorn, Joost"]
[Result "1/2-1/2"]
[WhiteElo "2433"]
[BlackElo "2281"]
[PlyCount "42"]
[EventDate "1999.12.04"]
[EventType "k.o."]
[EventRounds "3"]
[EventCountry "NED"]
[SourceTitle "CBM 073 Extra"]
[Source "ChessBase"]
[SourceDate "2000.01.11"]
[SourceVersion "1"]
[SourceVersionDate "2000.01.11"]
[SourceQuality "1"]

1. e4 d5 2. exd5 Nf6 3. Bb5+ Bd7 4. Be2 Nxd5 5. d4 Nc6 6. c4 Nf6 7. Nf3 Bg4 8. d5 Bxf3 9. Bxf3 Ne5 10. Nc3 Qd7 11. Be2 e6 12. 0-0 Bd6 13. dxe6 fxe6 14. Be3 0-0 15. c5 Be7 16. Qxd7 Nexd7 17. Bc4 Bxc5 18. Bxe6+ Kh8 19. Bf4 Bb6 20. Bxd7 Nxd7 21. Bg3 Nf6 1/2-1/2